[Event "Sparkassen-Open A"]
[Site "Heusenstamm, Martinsee"]
[Date "2019.11.24"]
[Round "7.84"]
[White "Karl, Florian"]
[Black "Stumpf, Daniel"]
[Result "1/2-1/2"]
[WhiteElo "1739"]
[BlackElo "1947"]
[PlyCount "73"]
[EventDate "2019.??.??"]
[WhiteTeam "SK Langen"]
[BlackTeam "SW Lichtenrade"]

1. d4 e6 2. c4 d5 3. Nc3 Nf6 4. Bg5 Be7 5. e3 dxc4 6. Bxc4 a6 7. a4 Nc6 8. Nf3
O-O 9. O-O b6 10. Qe2 Bb7 11. Rfd1 Na5 12. Ba2 Ne4 13. Nxe4 Bxe4 14. Bxe7 Qxe7
15. Bb1 Bxb1 16. Raxb1 Nb7 17. b4 Nd6 18. Rdc1 f6 19. Rc2 b5 20. a5 Nc4 21. Rb3
Rfd8 22. Nd2 Nxd2 23. Qxd2 e5 24. Rd3 Qd6 25. d5 e4 26. Rd4 Qe5 27. Rc5 Rd6 28.
Rxc7 Rad8 29. Rc5 h5 30. h3 Kh7 31. Qc2 f5 32. Qd1 Kh6 33. Rc6 g6 34. Rxd6 Qxd6
35. Qc2 Qe5 36. Qd2 Rd6 37. h4 1/2-1/2

[Event "Sparkassen-Open A"]
[Site "Heusenstamm, Martinsee"]
[Date "2019.11.24"]
[Round "7.85"]
[White "Loriguillo, Gregorio"]
[Black "Viol, Julius"]
[Result "1/2-1/2"]
[WhiteElo "1870"]
[BlackElo "1782"]
[PlyCount "68"]
[EventDate "2019.??.??"]
[WhiteTeam "SF Vonkeln"]
[BlackTeam "FC Bierstadt"]

1. e4 c5 2. Nf3 d6 3. Bb5+ Bd7 4. Bxd7+ Nxd7 5. c3 Ngf6 6. Qe2 e6 7. O-O Be7 8.
d4 cxd4 9. Nxd4 O-O 10. Bg5 d5 11. e5 Ne4 12. Bxe7 Qxe7 13. f3 Nec5 14. f4 Ne4
15. Nd2 Ndc5 16. Rf3 Nxd2 17. Qxd2 Ne4 18. Qe2 f6 19. exf6 Rxf6 20. g3 Raf8 21.
Raf1 g6 22. Kg2 a6 23. Nb3 b5 24. Nd4 Qc5 25. g4 Qd6 26. Qe3 e5 27. fxe5 Qxe5
28. Rxf6 Rxf6 29. Rxf6 Qxf6 30. Nf3 b4 31. g5 Qc6 32. Nd4 Qc8 33. cxb4 Qg4+ 34.
Kf1 Qd1+ 1/2-1/2

[Event "Sparkassen-Open A"]
[Site "Heusenstamm, Martinsee"]
[Date "2019.11.24"]
[Round "7.86"]
[White "Ahmad, Momin"]
[Black "Wachsmann, Elmar"]
[Result "1-0"]
[WhiteElo "1918"]
[BlackElo "1777"]
[PlyCount "83"]
[EventDate "2019.??.??"]
[WhiteTeam "SK Ottenau"]
[BlackTeam "SC Groß-Umstadt"]

1. e4 e5 2. Nf3 Nc6 3. d4 exd4 4. Bc4 Nf6 5. e5 d5 6. Bb5 Ne4 7. Nxd4 Bd7 8.
Bxc6 bxc6 9. O-O Bc5 10. f3 Ng5 11. f4 Ne4 12. Be3 O-O 13. Nd2 Nxd2 14. Qxd2
Qe7 15. Nb3 Bb6 16. Qc3 f6 17. Bc5 Bxc5+ 18. Nxc5 fxe5 19. fxe5 Bf5 20. b4 Rae8
21. Rae1 Qg5 22. a4 h5 23. Re2 h4 24. e6 Rf6 25. Re5 h3 26. g3 Qg4 27. Nd7 d4
28. Qf3 Qxf3 29. Rxf3 Bxc2 30. Rxf6 gxf6 31. Nxf6+ Kf8 32. Nxe8 Kxe8 33. Kf2
Ke7 34. Ke1 Bxa4 35. Ra5 Bc2 36. Rxa7 Kxe6 37. Rxc7 Kd5 38. Kd2 Be4 39. Rc8 Kc4
40. Rb8 Bf3 41. Rf8 Bg2 42. Rf4 1-0

[Event "Sparkassen-Open A"]
[Site "Heusenstamm, Martinsee"]
[Date "2019.11.24"]
[Round "7.88"]
[White "Midanka, Vladimir Josef"]
[Black "Stock, Jürgen"]
[Result "1-0"]
[WhiteElo "1775"]
[BlackElo "1895"]
[PlyCount "95"]
[EventDate "2019.??.??"]
[WhiteTeam "SC Brett vorm Kopp"]
[BlackTeam "Sfr. Kelkheim"]

1. Nf3 f5 2. d4 Nf6 3. Bf4 e6 4. h4 c5 5. e3 Qb6 6. b3 cxd4 7. exd4 Nd5 8. Bd2
Nc6 9. c3 Be7 10. Ng5 Nf6 11. Be3 Qa5 12. b4 Qc7 13. a4 a6 14. Na3 O-O 15. Qb3
h6 16. Nf3 Nd5 17. Bd2 Kh8 18. Nc4 b6 19. Nce5 Nxe5 20. Nxe5 Rf6 21. h5 d6 22.
Ng6+ Kg8 23. c4 Rxg6 24. hxg6 Nf6 25. Qh3 Bf8 26. Qh4 Ne4 27. Be3 d5 28. Rc1
Bxb4+ 29. Ke2 dxc4 30. Bxh6 gxh6 31. Qxh6 Qg7 32. Qh5 b5 33. Qh4 Be7 34. Qh3
Bf6 35. Rd1 Bb7 36. Qa3 Qxg6 37. Rh3 Kf7 38. f3 Be7 39. Qc1 Ng3+ 40. Kf2 Nxf1
41. Rxf1 Rg8 42. g3 Bf6 43. Qf4 Rc8 44. Qd6 Bc6 45. Re1 Bd8 46. Reh1 Bg5 47.
Rh7+ Kf6 48. Qe5# 1-0

[Event "Sparkassen-Open A"]
[Site "Heusenstamm, Martinsee"]
[Date "2019.11.24"]
[Round "7.89"]
[White "Steinke, Hans-Jörg"]
[Black "Rempe, Jonas"]
[Result "0-1"]
[WhiteElo "1753"]
[BlackElo "1854"]
[PlyCount "60"]
[EventDate "2019.??.??"]
[WhiteTeam "SV Datteln"]
[BlackTeam "SK Doppelbauer Kiel"]

1. d4 Nf6 2. c4 g6 3. Nc3 Bg7 4. e4 d6 5. Nf3 O-O 6. Be2 Na6 7. O-O e5 8. d5
Nc5 9. Qc2 a5 10. Bg5 h6 11. Bd2 Ne8 12. Ne1 f5 13. f3 f4 14. Nd3 b6 15. b3 g5
16. Nf2 h5 17. h3 Nf6 18. a3 Bh6 19. b4 Nb7 20. Rab1 Kh7 21. Kh2 Rg8 22. Qd1 g4
23. hxg4 hxg4 24. fxg4 Nxg4+ 25. Nxg4 Qh4+ 26. Kg1 Bxg4 27. Bxg4 Rxg4 28. Rf2
Rag8 29. Qe2 Rg3 30. Be1 Rh3 0-1

[Event "Sparkassen-Open A"]
[Site "Heusenstamm, Martinsee"]
[Date "2019.11.24"]
[Round "7.90"]
[White "Markosyan, Aleksandr"]
[Black "Faber, Lutz"]
[Result "0-1"]
[WhiteElo "1759"]
[BlackElo "1839"]
[PlyCount "76"]
[EventDate "2019.??.??"]
[WhiteTeam "SG Idstein"]
[BlackTeam "Zwickauer SC"]

1. e4 g6 2. Nc3 Bg7 3. d4 d6 4. f4 Nd7 5. Nf3 c6 6. Bc4 b5 7. Bb3 Nh6 8. O-O a5
9. a3 Bb7 10. Qe1 e6 11. Qg3 Qe7 12. Qh3 f5 13. Re1 Nf8 14. Be3 Ng4 15. exf5
gxf5 16. Bf2 Nxf2 17. Kxf2 O-O-O 18. Rad1 Qf6 19. Qh5 h6 20. a4 b4 21. Nb1 Kc7
22. Nbd2 Bc8 23. Ba2 Ng6 24. g3 Rhe8 25. Nc4 Ba6 26. Re3 Re7 27. Rde1 Bxc4 28.
Bxc4 Rde8 29. Qh3 e5 30. dxe5 dxe5 31. fxe5 Nxe5 32. Nd2 Ng4+ 33. Kg1 Rxe3 34.
Rxe3 Rxe3 35. Qf1 Qd4 36. Kh1 Qxd2 37. Qf4+ Be5 38. Qxf5 Qxh2# 0-1

[Event "Sparkassen-Open A"]
[Site "Heusenstamm, Martinsee"]
[Date "2019.11.24"]
[Round "7.91"]
[White "Cristino, Gregory"]
[Black "Huck, Robert"]
[Result "0-1"]
[WhiteElo "1717"]
[BlackElo "1832"]
[PlyCount "66"]
[EventDate "2019.??.??"]
[WhiteTeam "T.A.L."]
[BlackTeam "SC Königsspringer Alzenau"]

1. e4 e5 2. Nf3 Nc6 3. Bc4 Nf6 4. d4 Nxe4 5. dxe5 Qe7 6. Qd5 Nc5 7. Ng5 Ne6 8.
Nxe6 dxe6 9. Qe4 Bd7 10. Nd2 O-O-O 11. Nf3 h6 12. c3 f5 13. exf6 gxf6 14. b4
Kb8 15. Bf4 e5 16. Bg3 Be6 17. a4 Bxc4 18. Qxc4 e4 19. O-O exf3 20. a5 Ne5 21.
Bxe5 Qxe5 22. a6 Bd6 23. g3 Qf5 24. Qh4 b6 25. h3 h5 26. Kh2 Be5 27. Ra2 b5 28.
c4 Rd4 29. Qxd4 Bxd4 30. cxb5 h4 31. g4 Qf4+ 32. Kg1 Qg3+ 33. Kh1 Qg2# 0-1

[Event "Sparkassen-Open A"]
[Site "Heusenstamm, Martinsee"]
[Date "2019.11.24"]
[Round "7.92"]
[White "Jansen, Dirk Norbert"]
[Black "Mueller, Thorsten"]
[Result "1/2-1/2"]
[WhiteElo "2150"]
[BlackElo "2053"]
[PlyCount "35"]
[EventDate "2019.??.??"]
[WhiteTeam "SVG Plettenberg"]
[BlackTeam "VSG Offenbach"]

1. e4 e6 2. Nf3 d5 3. e5 c5 4. b4 cxb4 5. a3 Nc6 6. axb4 Bxb4 7. c3 Be7 8. d4
f6 9. Bd3 Bd7 10. Nh4 g6 11. exf6 Bxf6 12. Nxg6 hxg6 13. Bxg6+ Kf8 14. Ba3+
Nce7 15. h4 Kg7 16. Bd3 e5 17. dxe5 Bxe5 18. Ra2 1/2-1/2

[Event "Sparkassen-Open A"]
[Site "Heusenstamm, Martinsee"]
[Date "2019.11.24"]
[Round "7.93"]
[White "Werner, Rosalie"]
[Black "Kosak, Matjaz"]
[Result "1-0"]
[WhiteElo "1592"]
[BlackElo "1791"]
[PlyCount "109"]
[EventDate "2019.??.??"]
[WhiteTeam "VSG Offenbach"]
[BlackTeam "SV Frankfurt Nord"]

1. e4 Nc6 2. d4 d5 3. exd5 Qxd5 4. Nf3 e5 5. c4 Qe4+ 6. Be3 Nxd4 7. Nxd4 exd4
8. Qxd4 Qxd4 9. Bxd4 Bf5 10. Bc3 O-O-O 11. Nd2 Bc2 12. Be2 Re8 13. Kf1 Nf6 14.
Re1 Bd6 15. g3 Re7 16. Bf3 Rxe1+ 17. Kxe1 h5 18. h4 Re8+ 19. Kf1 Be5 20. Bxe5
Rxe5 21. Kg2 c6 22. Rc1 Bd3 23. Rc3 Be2 24. Re3 Rxe3 25. fxe3 Bxf3+ 26. Kxf3 c5
27. Ne4 Nxe4 28. Kxe4 Kd7 29. Ke5 a6 30. Kd5 b6 31. e4 Kc7 32. Ke5 Kc6 33. Kf5
b5 34. b3 bxc4 35. bxc4 Kb6 36. Ke5 Ka5 37. Kd5 Kb4 38. a3+ Kxa3 39. Kxc5 a5
40. Kd5 Kb3 41. c5 a4 42. c6 a3 43. c7 a2 44. c8=Q a1=Q 45. Qc4+ Kb2 46. Qd4+
Kb1 47. Qxa1+ Kxa1 48. e5 Kb2 49. e6 fxe6+ 50. Kxe6 Kc3 51. Kf7 Kd4 52. Kxg7
Ke4 53. Kg6 Kf3 54. Kxh5 Kxg3 55. Kg5 1-0

[Event "Sparkassen-Open A"]
[Site "Heusenstamm, Martinsee"]
[Date "2019.11.24"]
[Round "7.94"]
[White "Kemper, Yannick"]
[Black "Müller, Maximilian"]
[Result "1-0"]
[WhiteElo "1808"]
[BlackElo "1698"]
[PlyCount "111"]
[EventDate "2019.??.??"]
[WhiteTeam "SK Ludwigshafen"]
[BlackTeam "SC Eppelborn"]

1. e4 e6 2. d4 d5 3. Nc3 Bb4 4. e5 c5 5. a3 Bxc3+ 6. bxc3 Ne7 7. Qg4 Qa5 8. Bd2
Qa4 9. Qxg7 Rg8 10. Qxh7 cxd4 11. Ne2 Nbc6 12. f4 Rg6 13. h4 Qxc2 14. h5 Qb2
15. Rc1 Rg8 16. Nxd4 Nxd4 17. cxd4 Qxa3 18. Bb5+ Bd7 19. Rh3 Qb2 20. Bxd7+ Kxd7
21. Qxf7 Rac8 22. Rhc3 Rxc3 23. Rxc3 Qb1+ 24. Rc1 Qb5 25. f5 exf5 26. h6 Rxg2
27. e6+ Kd8 28. Qf8+ Qe8 29. Qxe8+ Kxe8 30. Rc7 Rh2 31. Rxb7 Ng6 32. Bb4 Kd8
33. Bd6 Rh1+ 34. Kf2 Rc1 35. Rb8+ Rc8 36. e7+ Nxe7 37. Bxe7+ Kd7 38. Rxc8 Kxc8
39. h7 a5 40. h8=Q+ Kd7 41. Qd8+ Ke6 42. Qd6+ Kf7 43. Qf6+ Ke8 44. Bc5 Kd7 45.
Qxf5+ Kc6 46. Qc8+ Kb5 47. Qb7+ Kc4 48. Ke2 Kc3 49. Ba3 Kxd4 50. Qb2+ Ke4 51.
Bd6 d4 52. Qb7+ Kf5 53. Kf3 d3 54. Qf7+ Kg5 55. Bf4+ Kh4 56. Qh7# 1-0

[Event "Sparkassen-Open A"]
[Site "Heusenstamm, Martinsee"]
[Date "2019.11.24"]
[Round "7.95"]
[White "Bobrowski, Damian"]
[Black "Körbel, Ekkehard"]
[Result "0-1"]
[WhiteElo "1617"]
[BlackElo "1827"]
[PlyCount "44"]
[EventDate "2019.??.??"]
[WhiteTeam "vereinslos"]
[BlackTeam "SK Geisenheim"]

1. d4 f5 2. Bf4 Nf6 3. e3 e6 4. h3 b6 5. Qf3 Nc6 6. Nc3 Bb7 7. O-O-O Na5 8. Qe2
Bb4 9. Nb5 O-O 10. a3 Be7 11. Bxc7 Qc8 12. Bd6 Qd8 13. Bc7 Qe8 14. Nd6 Bxd6 15.
Bxd6 Rf7 16. Nf3 Ne4 17. Bf4 d6 18. Nd2 Rc8 19. Kb1 Qa4 20. Rc1 Rfc7 21. Nf3
Nc4 22. c3 Nxa3+ 0-1

[Event "Sparkassen-Open A"]
[Site "Heusenstamm, Martinsee"]
[Date "2019.11.24"]
[Round "7.96"]
[White "Schmidt, Max"]
[Black "Rüll, Michael"]
[Result "1-0"]
[WhiteElo "1976"]
[BlackElo "1742"]
[PlyCount "59"]
[EventDate "2019.??.??"]
[WhiteTeam "Frankfurter TV"]
[BlackTeam "SC Obertshausen"]

1. e4 c5 2. Nf3 Nc6 3. Bb5 Na5 4. O-O a6 5. Be2 Nc6 6. c3 Nf6 7. e5 Nd5 8. d4
cxd4 9. cxd4 d6 10. Qb3 Be6 11. Qxb7 Ndb4 12. a3 Rb8 13. Qxb8 Qxb8 14. axb4
Nxb4 15. Bd2 Bc8 16. Rc1 Nd5 17. Nc3 e6 18. Nxd5 exd5 19. Rc6 Be7 20. Rac1 O-O
21. b4 dxe5 22. Nxe5 f6 23. Nd3 Bb7 24. Bf4 Qa8 25. R6c2 Rc8 26. Nc5 Bxc5 27.
bxc5 Re8 28. Bd3 Re6 29. Rb2 Bc6 30. Rb8+ 1-0

[Event "Sparkassen-Open A"]
[Site "Heusenstamm, Martinsee"]
[Date "2019.11.24"]
[Round "7.97"]
[White "Kirchmann, Sascha"]
[Black "Zhou, David"]
[Result "1/2-1/2"]
[WhiteElo "1708"]
[BlackElo "2141"]
[PlyCount "66"]
[EventDate "2019.??.??"]
[WhiteTeam "SC Obertshausen"]
[BlackTeam "Quebec"]

1. e4 c5 2. Nf3 g6 3. c3 Bg7 4. d4 cxd4 5. cxd4 d5 6. e5 Bg4 7. Bb5+ Nc6 8. Nc3
e6 9. Be3 Nge7 10. h3 Bxf3 11. Qxf3 O-O 12. O-O a6 13. Bxc6 Nxc6 14. Qe2 b5 15.
f4 Qa5 16. g4 b4 17. Nd1 Qb5 18. Qd2 f5 19. Nf2 Na5 20. b3 Rfc8 21. Rac1 Qb7
22. Nd3 Bf8 23. gxf5 gxf5 24. Kh1 Kh8 25. Rg1 Nc6 26. Bf2 Qf7 27. Nc5 a5 28.
Na4 Na7 29. Bh4 Be7 30. Bxe7 Qxe7 31. Nc5 Nb5 32. Rg2 Rg8 33. Rcg1 Rxg2 1/2-1/2

[Event "Sparkassen-Open A"]
[Site "Heusenstamm, Martinsee"]
[Date "2019.11.24"]
[Round "7.98"]
[White "Krychevskiy, Dmytro"]
[Black "Biot, Thomas"]
[Result "1-0"]
[WhiteElo "1947"]
[BlackElo "1763"]
[PlyCount "67"]
[EventDate "2019.??.??"]
[WhiteTeam "SV Oberursel"]
[BlackTeam "CRELEL"]

1. e4 d5 2. exd5 Nf6 3. Nc3 Nxd5 4. d4 Nxc3 5. bxc3 c5 6. Nf3 g6 7. Be2 Bg7 8.
O-O Nc6 9. Be3 Qa5 10. d5 Ne5 11. d6 Ng4 12. Bg5 f6 13. Bh4 e6 14. Rb1 a6 15.
d7+ Bxd7 16. Rxb7 Rd8 17. Qd6 Bf8 18. Qg3 h5 19. h3 g5 20. Bxg5 Bc6 21. hxg4
hxg4 22. Bxf6 Bxb7 23. Bxh8 gxf3 24. Qg6+ Kd7 25. Qf7+ Kc8 26. Bxf3 Bxf3 27.
Qxf3 Qxa2 28. Qa8+ Kc7 29. Qa7+ Kc6 30. Be5 Bd6 31. Bxd6 Rxd6 32. Re1 Qxc2 33.
Qxa6+ Kd5 34. c4+ 1-0

[Event "Sparkassen-Open A"]
[Site "Heusenstamm, Martinsee"]
[Date "2019.11.24"]
[Round "7.99"]
[White "Hegel, Christoph"]
[Black "Cramer, Lydia"]
[Result "1-0"]
[WhiteElo "1928"]
[BlackElo "1529"]
[PlyCount "59"]
[EventDate "2019.??.??"]
[WhiteTeam "Vorw.Orient Mainz"]
[BlackTeam "ZSG Waltershausen"]

1. d4 Nf6 2. Nf3 e6 3. e3 d5 4. Bd3 Be7 5. b3 O-O 6. O-O Nbd7 7. Bb2 c5 8. Nbd2
b6 9. Ne5 Qc7 10. f4 Bb7 11. Qf3 cxd4 12. exd4 a5 13. Rac1 Ba6 14. c4 Qb7 15.
Qh3 Nxe5 16. fxe5 Ne4 17. Nxe4 dxe4 18. Bb1 g6 19. Rce1 Qa7 20. Bxe4 Bb7 21. a4
Bxe4 22. Rxe4 Bb4 23. Qh6 f5 24. exf6 Rf7 25. Rxe6 Bf8 26. Qe3 Qd7 27. Rxb6 Re8
28. Qf3 Bd6 29. Qc6 Qxc6 30. Rxc6 1-0

[Event "Sparkassen-Open A"]
[Site "Heusenstamm, Martinsee"]
[Date "2019.11.24"]
[Round "7.100"]
[White "Schwegler, Jelena"]
[Black "Fröhlich-Dill, Astrid"]
[Result "0-1"]
[WhiteElo "1513"]
[BlackElo "1871"]
[PlyCount "162"]
[EventDate "2019.??.??"]
[WhiteTeam "SK Bad Homburg"]
[BlackTeam "SV Hofheim"]

1. e4 g6 2. d4 Bg7 3. f4 d6 4. Nf3 Bg4 5. c3 e5 6. Be3 exf4 7. Bxf4 Nf6 8. Nbd2
Nc6 9. h3 Bd7 10. Bc4 Na5 11. Bd3 b5 12. Bg5 h6 13. Bh4 g5 14. Bg3 Nh5 15. Bh2
Nf4 16. Bxf4 gxf4 17. Qe2 a6 18. O-O-O Qe7 19. Rde1 O-O-O 20. e5 d5 21. Rhf1 h5
22. a4 Nc4 23. axb5 axb5 24. Kc2 Ne3+ 25. Kc1 Nxf1 26. Rxf1 c6 27. Kc2 Kc7 28.
Nb3 Ra8 29. Qd2 Bh6 30. Nc5 Be6 31. Qf2 Rhg8 32. Qd2 Rg3 33. Ng1 Qg5 34. Rf2
Qg7 35. Qe2 Ra1 36. Nf3 Qg8 37. Nh4 Qg5 38. Nf3 Qd8 39. Nd2 Qg5 40. Nf3 Qg7 41.
Nh4 Bg5 42. Qxh5 Rg1 43. Bf5 Bxf5+ 44. Nxf5 Qg6 45. Qxg6 fxg6 46. Nxg3 fxg3 47.
Re2 Be7 48. Kd3 Rf1 49. Re3 Bh4 50. Ne6+ Kc8 51. Re2 Kd7 52. Nc5+ Ke7 53. Nb3
Bg5 54. Na5 Rd1+ 55. Kc2 Rc1+ 56. Kb3 Rf1 57. Nxc6+ Ke6 58. Na7 Rf2 59. Rc2 Bd2
60. Nxb5 Rxg2 61. Nc7+ Kd7 62. Nxd5 Rh2 63. Nf6+ Ke6 64. d5+ Kxe5 65. Ng4+ Kd6
66. Nxh2 gxh2 67. Rxd2 h1=Q 68. Rd3 Qf1 69. Rg3 Qd1+ 70. Ka3 Qc2 71. b4 Kxd5
72. Rg5+ Kc4 73. Rc5+ Kd3 74. Rd5+ Ke4 75. Rc5 Kf4 76. b5 Qc1+ 77. Ka4 Qa1+ 78.
Kb3 Qb1+ 79. Ka4 Kg3 80. Rc4 Kxh3 81. Rb4 Qa2# 0-1

[Event "Sparkassen-Open A"]
[Site "Heusenstamm, Martinsee"]
[Date "2019.11.24"]
[Round "7.101"]
[White "Bittner, Peter"]
[Black "Marzec, Witold"]
[Result "1/2-1/2"]
[WhiteElo "1870"]
[BlackElo "1711"]
[PlyCount "117"]
[EventDate "2019.??.??"]
[WhiteTeam "SC Nied"]
[BlackTeam "vereinslos"]

1. e4 c5 2. Nf3 d6 3. c3 e5 4. d4 Qc7 5. dxe5 dxe5 6. Bc4 Bg4 7. O-O Nf6 8. Bg5
Be7 9. Bxf6 Bxf6 10. Nbd2 O-O 11. h3 Bd7 12. a4 Nc6 13. Qe2 a6 14. Bd5 Ne7 15.
c4 Ng6 16. Qe3 Rac8 17. Rfb1 Be7 18. Nf1 Nf4 19. Ng3 g6 20. Ne2 Nxd5 21. cxd5
Kg7 22. Qc3 Bd6 23. Ng3 Ra8 24. Rc1 Rfc8 25. Qd2 Qd8 26. Qe2 b5 27. b3 Qe8 28.
a5 Qd8 29. Qb2 f6 30. Nf1 c4 31. Ne3 Rab8 32. b4 Qe7 33. Rab1 f5 34. exf5 gxf5
35. Rc3 h5 36. Nc2 Kh7 37. Re3 e4 38. Rbe1 Bf4 39. R3e2 c3 40. Qb3 Qg7 41. Kh1
Rg8 42. Nh4 Bg5 43. Nxf5 Bxf5 44. Rd1 Bd2 45. g3 Rbe8 46. Kh2 Bxh3 47. Ne3 Bg4
48. Rdxd2 cxd2 49. Rxd2 h4 50. gxh4 Qc7+ 51. d6 Qd7 52. Qd5 Bf3 53. Rc2 Rc8 54.
Rxc8 Qxc8 55. d7 Qd8 56. Nf5 Rf8 57. Qe6 Rf6 58. Qe8 Rf8 59. Qe6 1/2-1/2

[Event "Sparkassen-Open A"]
[Site "Heusenstamm, Martinsee"]
[Date "2019.11.24"]
[Round "7.102"]
[White "Krischak, Werner"]
[Black "Schellen, Sven"]
[Result "0-1"]
[WhiteElo "1684"]
[BlackElo "1835"]
[PlyCount "70"]
[EventDate "2019.??.??"]
[WhiteTeam "SK Marburg"]
[BlackTeam "SV Frankfurt Nord"]

1. d4 d5 2. c4 e6 3. Nc3 c5 4. cxd5 exd5 5. Nf3 Nc6 6. g3 Nf6 7. Bg2 Be7 8. O-O
O-O 9. a3 b6 10. Re1 Ba6 11. Bg5 c4 12. Ne5 Bb7 13. Bxf6 gxf6 14. Ng4 Bc8 15.
Ne3 Be6 16. Nexd5 Rc8 17. e3 Na5 18. Qh5 Nb3 19. Rad1 Qd7 20. Be4 f5 21. Nxe7+
Qxe7 22. Bxf5 Bxf5 23. Qxf5 Rc6 24. d5 Rg6 25. e4 Nc5 26. e5 Nd3 27. Re2 Rg5
28. Qh3 Rxe5 29. Qg4+ Kh8 30. Qd4 f6 31. Rxe5 fxe5 32. Qxc4 Nxb2 33. d6 Qf6 34.
Ne4 Qf3 35. Qd5 Qxd1+ 0-1

[Event "Sparkassen-Open A"]
[Site "Heusenstamm, Martinsee"]
[Date "2019.11.24"]
[Round "7.103"]
[White "Baumgarten, Fred"]
[Black "Terwagne, Bertrand"]
[Result "1/2-1/2"]
[WhiteElo "1668"]
[BlackElo "1809"]
[PlyCount "115"]
[EventDate "2019.??.??"]
[WhiteTeam "SV Hennef"]
[BlackTeam "CRELEL"]

1. d4 Nf6 2. Bg5 Ne4 3. Bf4 d5 4. c4 e6 5. Nf3 Bd6 6. Bxd6 Nxd6 7. cxd5 exd5 8.
e3 Nd7 9. Bd3 Nf6 10. Nbd2 c6 11. O-O Bg4 12. Qc2 Bh5 13. Ne5 Bg6 14. Rfe1 Bxd3
15. Qxd3 O-O 16. f3 Re8 17. Rad1 Nd7 18. Nxd7 Qxd7 19. e4 dxe4 20. Nxe4 Rad8
21. Nc5 Qc8 22. Rxe8+ Nxe8 23. Qb3 b6 24. Ne4 Qd7 25. Kf2 Nc7 26. Qc4 Nb5 27.
Ke3 Nd6 28. Nxd6 Qxd6 29. Rc1 Qxh2 30. Qxc6 Qxg2 31. Qd7 Qg5+ 32. f4 Rxd7 33.
fxg5 g6 34. Ke4 Kg7 35. d5 f6 36. gxf6+ Kxf6 37. Rf1+ Kg7 38. Ke5 Re7+ 39. Kd6
Re2 40. Kc7 Rxb2 41. d6 Rxa2 42. Rd1 Rf2 43. d7 Rf7 44. Kc8 Rf8+ 45. Kb7 h5 46.
Kxa7 h4 47. Kxb6 g5 48. Kc5 Rd8 49. Kd6 Kg6 50. Ke7 Rxd7+ 51. Rxd7 Kf5 52. Rd5+
Kf4 53. Kf6 g4 54. Rd4+ Kf3 55. Kg5 h3 56. Rxg4 h2 57. Rh4 Kg2 58. Rxh2+
1/2-1/2

[Event "Sparkassen-Open A"]
[Site "Heusenstamm, Martinsee"]
[Date "2019.11.24"]
[Round "7.104"]
[White "Neuhoff, Laertes"]
[Black "Yue, Qizhou"]
[Result "0-1"]
[WhiteElo "1461"]
[BlackElo "1792"]
[PlyCount "90"]
[EventDate "2019.??.??"]
[WhiteTeam "SG Leipzig"]
[BlackTeam "SV Multatuli Ingelheim e.V."]

1. d4 Nf6 2. c4 e6 3. g3 d5 4. Bg2 Be7 5. Nf3 O-O 6. O-O b6 7. cxd5 exd5 8. Nc3
Bb7 9. Qc2 Nbd7 10. Bd2 c5 11. e3 Rc8 12. Qb3 h6 13. Rad1 Qc7 14. Nh4 Ne4 15.
Nf5 Ndf6 16. Nxe7+ Qxe7 17. Nxe4 Nxe4 18. dxc5 Nxc5 19. Qa3 a5 20. Bc3 Rfd8 21.
Bd4 Qe6 22. Bxc5 Rxc5 23. Rd2 Rdc8 24. b3 Rc2 25. Rfd1 Qf6 26. Rxc2 Rxc2 27.
Rf1 Ba6 28. Qa4 Bxf1 29. Qe8+ Kh7 30. Be4+ dxe4 31. Qxe4+ Qg6 32. Qxg6+ Kxg6
33. Kxf1 Rxa2 34. Kg2 Rb2 35. h3 Rxb3 36. Kf3 a4 37. h4 a3 38. g4 a2 39. Ke4
a1=Q 40. f4 Qa4+ 41. Kf3 Qd4 42. f5+ Kh7 43. Kg2 Qxe3 44. Kh2 Rb2+ 45. Kh1 Qe1#
0-1

[Event "Sparkassen-Open A"]
[Site "Heusenstamm, Martinsee"]
[Date "2019.11.24"]
[Round "7.105"]
[White "Hoppstädter, Daniel"]
[Black "Müller, Maurice-Pascal"]
[Result "1-0"]
[WhiteElo "1757"]
[BlackElo "1683"]
[PlyCount "81"]
[EventDate "2019.??.??"]
[WhiteTeam "SC Illingen"]
[BlackTeam "SC Landskrone"]

1. d4 Nf6 2. Nf3 g6 3. Nc3 Bg7 4. e4 d6 5. Be3 O-O 6. Qd2 c6 7. Be2 Nbd7 8. h4
Ng4 9. h5 Nxe3 10. Qxe3 e5 11. hxg6 fxg6 12. Bc4+ Kh8 13. Ng5 Nf6 14. dxe5 dxe5
15. Nf7+ Rxf7 16. Bxf7 Ng4 17. Qg3 Qf6 18. Qh4 Qxh4 19. Rxh4 g5 20. Rh1 Bd7 21.
Rd1 Nf6 22. Ne2 Rf8 23. Bb3 Bc8 24. Ng3 Ng4 25. f3 Nf6 26. Nh5 Nxh5 27. Rxh5 g4
28. Ke2 h6 29. Rdh1 b6 30. R5h4 Rf4 31. Kf2 gxf3 32. Rxf4 fxg2 33. Rd1 g1=Q+
34. Kxg1 exf4 35. Rd8+ Kh7 36. Rxc8 Bxb2 37. Rxc6 a5 38. Kg2 Bd4 39. Kf3 Be3
40. e5 h5 41. e6 1-0

[Event "Sparkassen-Open A"]
[Site "Heusenstamm, Martinsee"]
[Date "2019.11.24"]
[Round "7.106"]
[White "Herrmann, Gerhard"]
[Black "Launert, Martin"]
[Result "1/2-1/2"]
[WhiteElo "1548"]
[BlackElo "1853"]
[PlyCount "80"]
[EventDate "2019.??.??"]
[WhiteTeam "SC Königsspringer Alzenau"]
[BlackTeam "Sfr. Erbach"]

1. e4 e5 2. Nf3 Nc6 3. Bb5 a6 4. Ba4 Nf6 5. O-O b5 6. Bb3 Be7 7. Re1 O-O 8. c3
d6 9. h3 Na5 10. Bc2 c5 11. d4 cxd4 12. cxd4 Qc7 13. b4 Nc4 14. Nbd2 Nb6 15.
Bb2 Nbd7 16. Rc1 Qb8 17. Bb3 Bb7 18. dxe5 dxe5 19. a3 h6 20. Bc2 Bd8 21. Nf1
Bb6 22. Ng3 Re8 23. Nf5 Qa7 24. Qe2 Bxe4 25. Bxe4 Nxe4 26. Qxe4 Bxf2+ 27. Kh1
Bxe1 28. Rxe1 Nb6 29. Qg4 f6 30. Nxh6+ Kf8 31. Nf5 Nc4 32. Bc1 Rad8 33. Qh5 Qf7
34. Qh8+ Qg8 35. Qh4 Rd7 36. Qg4 Red8 37. Ne3 Nxe3 38. Bxe3 Qf7 39. Bc5+ Kg8
40. Rf1 Rd1 1/2-1/2

[Event "Sparkassen-Open A"]
[Site "Heusenstamm, Martinsee"]
[Date "2019.11.24"]
[Round "7.107"]
[White "Marchese, Gaspare"]
[Black "Niedenthal, Robert"]
[Result "1-0"]
[WhiteElo "1851"]
[BlackElo "1686"]
[PlyCount "75"]
[EventDate "2019.??.??"]
[WhiteTeam "SC Matt im Park"]
[BlackTeam "SV Hofheim"]

1. e4 d5 2. exd5 Nf6 3. Bb5+ Bd7 4. Bc4 Bg4 5. f3 Bc8 6. Nc3 a6 7. a4 c6 8.
dxc6 Nxc6 9. Nge2 e6 10. d4 Bb4 11. O-O O-O 12. Kh1 Na5 13. Bd3 Nc6 14. Bg5 Be7
15. Bh4 b6 16. Bf2 Bb7 17. Be3 Qc7 18. Ne4 Nd5 19. Bd2 Rad8 20. c3 h6 21. Rc1
Qb8 22. Bb1 f5 23. Nf2 f4 24. Qc2 Rf6 25. Rfe1 Ne3 26. Bxe3 fxe3 27. Ng4 Rd5
28. Nxf6+ Bxf6 29. f4 Ne7 30. Ba2 Rd6 31. Qd3 Nf5 32. Qxf5 Qe8 33. Qg4 Be4 34.
Ng3 Qc6 35. Nxe4 Qxe4 36. Qf3 Qg6 37. Rxe3 Be7 38. Rce1 1-0

[Event "Sparkassen-Open A"]
[Site "Heusenstamm, Martinsee"]
[Date "2019.11.24"]
[Round "7.108"]
[White "Renger, Jürgen"]
[Black "Knödler, Marcel"]
[Result "1/2-1/2"]
[WhiteElo "1682"]
[BlackElo "1809"]
[PlyCount "51"]
[EventDate "2019.??.??"]
[WhiteTeam "Sges Bensheim"]
[BlackTeam "FC Bierstadt"]

1. d4 Nf6 2. c4 e6 3. g3 c6 4. Nf3 d5 5. cxd5 exd5 6. Nc3 Bd6 7. Bg2 Bf5 8. O-O
h6 9. Nd2 O-O 10. e4 dxe4 11. Ndxe4 Nxe4 12. Nxe4 Bc7 13. Nc5 Qc8 14. Be3 Nd7
15. Rc1 Nxc5 16. dxc5 Qe6 17. Qa4 Be5 18. Rfe1 Qf6 19. b3 Rfd8 20. Qc4 Bb2 21.
Rcd1 Rxd1 22. Rxd1 Rd8 23. Rxd8+ Qxd8 24. Qe2 Ba3 25. h4 Qe7 26. Qc4 1/2-1/2

[Event "Sparkassen-Open A"]
[Site "Heusenstamm, Martinsee"]
[Date "2019.11.24"]
[Round "7.109"]
[White "Wirth, Wolfram"]
[Black "Baumann, Dennis"]
[Result "1/2-1/2"]
[WhiteElo "1747"]
[BlackElo "1664"]
[PlyCount "44"]
[EventDate "2019.??.??"]
[WhiteTeam "SK Gau-Algesheim"]
[BlackTeam "SF Schöneck"]

1. e4 c5 2. Nf3 d6 3. d4 cxd4 4. Nxd4 Nf6 5. Nc3 a6 6. h3 e5 7. Nde2 Be6 8. g4
h6 9. Bg2 g5 10. Be3 Nc6 11. Qd2 b5 12. a3 Na5 13. O-O Nc4 14. Qc1 Be7 15. Nd5
Nxd5 16. exd5 Bd7 17. Ng3 O-O 18. b3 Nb6 19. Qd2 f5 20. gxf5 Bxf5 21. Nxf5 Rxf5
22. Be4 Rf6 1/2-1/2